MARC

LEADER 00000nam0a2200000 4500
001 253852
005 20231101232901.0
010 |a 5020118656 
020 |a RU  |b 89-37095 
035 |a (RuTPU)RU\TPU\book\276267 
090 |a 253852 
100 |a 20140317d1989 k y0rusy5003 ca 
101 0 |a rus 
102 |a RU 
105 |a y z 001zy 
200 1 |a Демократический централизм в управлении  |f А. Н. Стойник  |g Академия наук СССР (АН СССР), Институт экономики (ИЭ) ; под ред. В. М. Иванченко 
210 |a Москва  |c Наука  |d 1989 
215 |a 160 с. 
606 1 |a Управление  |x Философия  |2 stltpush  |3 (RuTPU)RU\TPU\subj\37168  |9 58289 
610 1 |a демократический централизм 
610 1 |a организация управления 
610 1 |a экономическая политика 
610 1 |a централизованное управление 
610 1 |a планирование 
610 1 |a методология 
610 1 |a самостоятельность 
610 1 |a самоуправление 
686 |a У9(2)210  |2 rubbk 
700 1 |a Стойник  |b А. Н.  |g Алла Николаевна 
702 1 |a Иванченко  |b В. М.  |4 340 
712 0 2 |a Академия наук СССР (АН СССР)  |b Институт экономики (ИЭ)  |c (Москва)  |2 stltpush  |3 (RuTPU)RU\TPU\col\11342 
801 0 |a RU  |b RuMRKP  |c 19950417  |g psbo 
801 1 |a RU  |b 63413507  |c 20140317 
801 2 |a RU  |b 63413507  |c 20140428  |g RCR 
942 |c BK